LEADER 01059nam a2200229 i 4500 001 000000028546 003 CaOOAMICUS 005 20180830125448.0 008 180830n it u000 u ita u 040 $aSeMil$bita 100 1 $aBonomelli, Geremia,$c.$0(OLS)http://semarc/name/664 245 13$aIl giovane studente istruito e difeso nella dottrina cristiana :$btrattenimenti /$cdi monsignor Geremia Bonomelli. 250 $a5. ed. riveduta e accresciuta. 260 $aBrescia :$bTipografia e libreria Queriniana,$c[189?] 300 $a3 v. ;$c18 cm. 650 4$aGiovani - Educazione religiosa.$0(OLS)http://semarc/subject/2210 650 4$aGiovani - Educazione cristiana.$0(OLS)http://semarc/subject/4583 774 0 $tParte 1.$g1$w()61563 774 0 $tParte 3.$g3$w()220497 774 0 $tParte 2.$g2$w()220498 996 $6245$aIl giovane studente istruito e difeso nella dottrina cristiana :$btrattenimenti$9(OLS)http://semarc/title/38754 996 $6260$aBrescia :$bTipografia e libreria Queriniana$9(OLS)http://semarc/publisher/37791 LEADER 01344nam a2200289 i 4500 001 000000034593 003 CaOOAMICUS 005 20250903111425.0 008 150831s1988 be u000 u lat u 013 $a1293 020 $a2-503-63702-7 040 $aSeMil$bita 110 2 $aUniversité Catholique : Centre de traitement èlectronique des documents.$0(OLS)http://semarc/name/60 245 10$aHistoria Compostellana /$ccurante CETEDOC. 260 $aTurnhout :$bBrepols,$c1988. 300 $a121 p. ;$c25 cm +$e14 microfiches 490 0 $aCorpus Christianorum. Instrumenta lexicologica latina. Ser. A, Formae ;$vFasc.46 500 $aSpogli lessicali 776 0 $tHistoria Compostellana.$dTurnhout : Brepols, 1988.$kCorpus Christianorum. Continuatio Mediaevalis$z2-503-03701-1$w()34596 830 0$aCorpus Christianorum. Instrumenta lexicologica latina. Ser. A, Formae ;$v46.$0(OLS)http://semarc/title/82 850 $aSeMil 852 $aSeMil$W1$xVenegono$y1$mSL2.G CC.CM.ILL 46$j255629$B748$CSeMilBibl$Z2$F748 $8I 961 $aSottoscrizione: Brepols 996 $6020$a2-503-63702-7$9(OLS)http://semarc/number/2437 996 $6245$aHistoria Compostellana$9(OLS)http://semarc/title/46863 996 $6260$aTurnhout :$bBrepols$9(OLS)http://semarc/publisher/29626